| 000 | 00427nam a2200181Ia 4500 | ||
|---|---|---|---|
| 005 | 20250603145631.0 | ||
| 008 | 250603s9999 xx 000 0 und d | ||
| 020 | _a8122417361 | ||
| 050 | _aQP 514.2 .J67/ | ||
| 100 | _aJoshi, R. A. | ||
| 245 | 0 | _aQuestion of biochemistry | |
| 260 | _aNew Delhi | ||
| 260 | _bNew Age International Limited | ||
| 260 | _c2006 | ||
| 300 | _a205 p | ||
| 650 | _aNew Delhi | ||
| 942 | _cBK | ||
| 999 |
_c42406 _d42406 |
||